| 000 | 00356nam a22001457a 4500 | ||
|---|---|---|---|
| 999 |
_c17285 _d17285 |
||
| 003 | NUST | ||
| 008 | 150812t xxu||||| |||| 00| 0 eng d | ||
| 020 | _a81-7754-395-4 | ||
| 038 | _aASAB | ||
| 082 | _a574.19 | ||
| 100 |
_aS.S. Purohit _91015 |
||
| 245 |
_aBiochemistry fundamentals and applications _cby S.S. Purohit |
||
| 300 | _a751 P | ||
| 942 |
_2ddc _cBK |
||